[Event "FIDE World Bl Team Pool A"]
[Site "London ENG"]
[Date "2025.06.14"]
[Round "3.3"]
[White "Southcott-Moyers, Indy"]
[Black "Itgelt, Khuyagtsogt"]
[Result "1-0"]
[WhiteTitle "FM"]
[BlackTitle "IM"]
[WhiteElo "2289"]
[BlackElo "2425"]
[WhiteTeam "Turkish Airlines Sports Club"]
[BlackTeam "The MongolZ"]
[WhiteFideId "488542"]
[BlackFideId "4902912"]
[EventDate "2025.06.14"]
[EventType "team"]

1. d4 Nf6 2. c4 c5 3. d5 e6 4. Nc3 d6 5. dxe6 Bxe6 6. Nf3 g6 7. e4 Nc6 8. Be2
Bg7 9. O-O O-O 10. h3 Nd7 11. Qxd6 Nce5 12. Nxe5 Bxe5 13. Qd1 Qh4 14. Bg4 Bxg4
15. Qxg4 Qxg4 16. hxg4 Bxc3 17. bxc3 Ne5 18. Bf4 Nxc4 19. Rad1 Rfd8 20. Bg5 Re8
21. f3 f6 22. Bxf6 Ne3 23. Rd7 Nxf1 24. Kxf1 b5 25. Rg7+ Kf8 26. Rxh7 a5 27. e5
b4 28. cxb4 axb4 29. e6 Rxe6 30. Rh8+ Kf7 31. Rxa8 Kxf6 32. Rc8 Re5 33. Kf2 Rd5
34. Ke3 g5 35. g3 Ke6 36. f4 Kd7 37. Rb8 Kc7 38. Rg8 c4 39. Rxg5 Rd3+ 40. Ke4
Kc6 41. Rg6+ Kc5 42. f5 Rd1 43. Rg8 Re1+ 44. Kf4 c3 45. Rc8+ Kd5 46. g5 Re4+ 47.
Kf3 Rc4 48. Rxc4 Kxc4 49. Ke2 b3 50. axb3+ Kxb3 51. g6 c2 52. g7 c1=Q 53. g8=Q+
Kb4 54. Qb8+ Ka5 55. Qf4 Kb5 56. Qe5+ Ka6 57. Qd6+ Ka7 58. Qd4+ Ka6 59. Qf4 Qc2+
60. Kf3 Qd1+ 61. Kg2 Qe2+ 62. Kg1 Ka5 63. f6 Qe1+ 64. Kg2 Qe2+ 65. Qf2 Qe4+ 66.
Qf3 Qc2+ 67. Kf1 Qc1+ 68. Kf2 Qb2+ 69. Kg1 Qc1+ 70. Kh2 Qd2+ 71. Kg1 Qe1+ 72.
Kg2 Qd2+ 73. Qf2 Qd5+ 74. Kf1 Qh1+ 75. Ke2 Qe4+ 76. Qe3 Qg2+ 77. Kd3 Qf1+ 78.
Kd4 Ka4 79. Qe8+ Kb3 80. Qb8+ Kc2 81. Qf4 Qd3+ 82. Ke5 Qb5+ 83. Ke6 Qe8+ 84. Kf5
Qh5+ 85. Qg5 Qf3+ 86. Kg6 Kb2 87. f7 Ka3 88. Qf5 Qxg3+ 89. Kf6 Qd6+ 90. Kg7 Qg3+
91. Qg6 Qe5+ 92. Kg8 Qd5 1-0

[Event "FIDE World Bl Team Pool A"]
[Site "London ENG"]
[Date "2025.06.14"]
[Round "3.4"]
[White "Nomin-Erdene, Davaademberel"]
[Black "Lohia, Sohum"]
[Result "1/2-1/2"]
[WhiteTitle "IM"]
[BlackTitle "FM"]
[WhiteElo "2293"]
[BlackElo "2364"]
[WhiteTeam "The MongolZ"]
[BlackTeam "Turkish Airlines Sports Club"]
[WhiteFideId "4900782"]
[BlackFideId "5819369"]
[EventDate "2025.06.14"]
[EventType "team"]

1. f4 d5 2. Nf3 Bg4 3. e3 e6 4. g3 Nf6 5. h3 Bxf3 6. Qxf3 c5 7. Bg2 Nc6 8. O-O
Be7 9. d3 Qb6 10. Nc3 O-O 11. Kh1 Rad8 12. g4 d4 13. exd4 Nxd4 14. Qf2 Qc7 15.
Be3 b6 16. Ne4 Nxe4 17. dxe4 Nc6 18. e5 Rd7 19. Rad1 Rfd8 20. Qe2 Nd4 21. Qf2
Nc6 22. Bf3 g6 23. c3 Bf8 24. Rxd7 Rxd7 25. Be4 Ne7 26. h4 Qd8 27. h5 Rd1 28.
hxg6 hxg6 29. Bf3 Rxf1+ 30. Qxf1 Nd5 31. Bc1 Qh4+ 32. Kg2 Bh6 33. Be2 g5 34. f5
Nf4+ 35. Bxf4 gxf4 36. Qf3 exf5 37. gxf5 Qg5+ 38. Qg4 Qxg4+ 39. Bxg4 Kf8 40. Kf3
Ke7 41. Ke4 f6 42. e6 Kd6 43. c4 Bg5 44. b3 Bh6 45. Bf3 Bg5 46. Bh5 Bh6 47. Kf3
Ke7 48. Kg4 Bg5 49. Kf3 Bh6 50. Bg4 Bg5 51. Bh3 Bh6 52. Bf1 Bg5 53. Bd3 Bh6 54.
Be4 Bg5 55. Kg4 Bh6 56. Bf3 Bg5 57. Kh5 Kd6 58. Kg6 Ke7 59. Bd5 Bh4 60. Kh5 Bg5
61. Kg4 Kd6 62. Kh5 Ke7 1/2-1/2

[Event "FIDE World Bl Team Pool A"]
[Site "London ENG"]
[Date "2025.06.14"]
[Round "3.5"]
[White "Lu, Miaoyi"]
[Black "Ulziikhishig Khishigbat"]
[Result "0-1"]
[WhiteTitle "IM"]
[BlackTitle "FM"]
[WhiteElo "2452"]
[BlackElo "2266"]
[WhiteTeam "Turkish Airlines Sports Club"]
[BlackTeam "The MongolZ"]
[WhiteFideId "8618020"]
[BlackFideId "4908120"]
[EventDate "2025.06.14"]
[EventType "team"]

1. e4 e5 2. Nc3 Nc6 3. Bc4 Nf6 4. d3 Bc5 5. a3 d6 6. h3 Be6 7. Nge2 Bxc4 8. dxc4
h6 9. b4 Bb6 10. O-O O-O 11. Kh1 Nd4 12. Be3 Ne6 13. Qd2 Re8 14. Rae1 c6 15. Rd1
Bxe3 16. fxe3 Qb6 17. Rxf6 gxf6 18. Ng3 Ng7 19. Rf1 Qd8 20. Qd1 Kh7 21. Qg4 Rg8
22. Qh4 f5 23. Nxf5 Nxf5 24. Qxd8 Ng3+ 25. Kg1 Raxd8 26. Rxf7+ Rg7 27. Rf6 Nh5
28. Rf5 Ng3 29. Rf3 h5 30. h4 Rg4 31. b5 Nxe4 32. Nxe4 Rxe4 33. Rf7+ Kg6 34.
Rxb7 Rxc4 35. Rxa7 cxb5 0-1

[Event "FIDE World Bl Team Pool A"]
[Site "London ENG"]
[Date "2025.06.14"]
[Round "3.6"]
[White "Araya Fuentes, Cristian"]
[Black "Yildiz, Ali Aras"]
[Result "0-1"]
[WhiteElo "1921"]
[BlackElo "2089"]
[WhiteTeam "The MongolZ"]
[BlackTeam "Turkish Airlines Sports Club"]
[WhiteFideId "6502946"]
[BlackFideId "51619822"]
[EventDate "2025.06.14"]
[EventType "team"]

1. Nf3 Nf6 2. g3 g6 3. Bg2 Bg7 4. O-O d5 5. d3 O-O 6. Nbd2 b6 7. e4 dxe4 8. dxe4
Bb7 9. Qe2 c5 10. c3 Nc6 11. Rd1 Qc7 12. Nc4 e5 13. Bg5 h6 14. Bxf6 Bxf6 15. Ne3
Ne7 16. Nd2 Rfd8 17. Ndc4 b5 18. Na3 a6 19. Rxd8+ Rxd8 20. Rd1 Bg5 21. Nac2 Bxe3
22. Nxe3 Rd6 23. Rxd6 Qxd6 24. Qd1 Qxd1+ 25. Nxd1 f5 26. exf5 Bxg2 27. Kxg2 gxf5
28. Ne3 Kf7 29. Kf3 Ke6 30. b3 Nc8 31. c4 Nd6 32. h3 Ne4 33. Nd5 bxc4 34. bxc4
Nd2+ 35. Ke2 Nxc4 36. Nc7+ Kd6 37. Nxa6 e4 38. f3 e3 39. Kd3 h5 40. a4 Nb2+ 41.
Kxe3 Nxa4 42. Kf4 c4 43. Nb4 Ke6 44. Kg5 Nc5 45. Kxh5 Nd3 46. Nc2 c3 47. Kg5 Kd5
48. Kxf5 Kc4 49. h4 Nb4 50. Ne3+ Kd3 51. Kf4 Kd2 52. h5 Nd5+ 53. Nxd5 c2 54. g4
c1=Q 55. Nf6 Ke2+ 56. Kf5 Kxf3 57. g5 Qc2+ 58. Ke6 Qc6+ 59. Kf7 Kf4 60. g6 Kg5
61. Ne8 Qd7+ 62. Kf8 Kh6 63. g7 Qf5+ 64. Ke7 Kh7 65. h6 Qe5+ 66. Kf7 Qf5+ 67.
Ke7 Qg5+ 68. Kf7 Qg6+ 69. Kf8 Qe6 70. Nc7 Qg8+ 71. Ke7 Kxh6 72. Ne8 Kg6 73. Kd7
Kf7 74. Kd6 Kxe8 0-1

[Event "FIDE World Bl Team Pool A"]
[Site "London ENG"]
[Date "2025.06.14"]
[Round "4.1"]
[White "Nepomniachtchi, Ian"]
[Black "Moussard, Jules"]
[Result "1-0"]
[WhiteTitle "GM"]
[BlackTitle "GM"]
[WhiteElo "2757"]
[BlackElo "2597"]
[WhiteTeam "WR Chess Team"]
[BlackTeam "Knight Dance"]
[WhiteFideId "4168119"]
[BlackFideId "642908"]
[EventDate "2025.06.14"]
[EventType "team"]

1. e4 c5 2. Nf3 g6 3. c3 d5 4. e5 a6 5. d4 Nc6 6. h3 Bg7 7. Be2 f6 8. exf6 Nxf6
9. O-O O-O 10. Be3 Nh5 11. dxc5 e5 12. Nbd2 Nf4 13. Re1 e4 14. Nh2 Qh4 15. Bg4
Nd3 16. Rf1 h5 17. Bxc8 Raxc8 18. Qb3 Rcd8 19. Qxb7 Qf6 20. Rab1 Rb8 21. Qxa6
Ra8 22. Qb7 Rfb8 23. Qc7 Bf8 24. f3 Qe6 25. fxe4 dxe4 26. Nb3 Bg7 27. Qd6 Qxd6
28. cxd6 Rd8 29. Nc5 Rxd6 30. a3 Nxc5 31. Bxc5 Rd2 32. Rfd1 Rc2 33. Nf1 Ne5 34.
Ne3 Re2 35. Kf1 Rxe3 36. Bxe3 Nc4 37. Bd4 Bh6 38. Ke2 Rb8 39. a4 e3 40. b4 Rf8
41. Rf1 Re8 42. a5 Nd2 43. a6 Nxf1 44. Rxf1 1-0

[Event "FIDE World Bl Team Pool A"]
[Site "London ENG"]
[Date "2025.06.14"]
[Round "4.3"]
[White "So, Wesley"]
[Black "Dardha, Daniel"]
[Result "1-0"]
[WhiteTitle "GM"]
[BlackTitle "GM"]
[WhiteElo "2745"]
[BlackElo "2646"]
[WhiteTeam "WR Chess Team"]
[BlackTeam "Knight Dance"]
[WhiteFideId "5202213"]
[BlackFideId "240990"]
[EventDate "2025.06.14"]
[EventType "team"]

1. e4 c5 2. Nf3 Nc6 3. d4 cxd4 4. Nxd4 Nf6 5. Nc3 e5 6. Ndb5 d6 7. Bg5 a6 8. Na3
b5 9. Bxf6 gxf6 10. Nd5 f5 11. c3 Bg7 12. exf5 Bxf5 13. Nc2 Be6 14. g3 O-O 15.
Bg2 Rc8 16. a4 Ne7 17. axb5 axb5 18. O-O Kh8 19. Ra7 Nxd5 20. Bxd5 Qb6 21. Rb7
Qd8 22. Rxb5 Bh3 23. Re1 f5 24. Bg2 Bg4 25. Bf3 Bh3 26. Rb7 e4 27. Bg2 Bxg2 28.
Kxg2 d5 29. Rb5 f4 30. Qxd5 Qf6 31. Qxe4 fxg3 32. fxg3 Qf2+ 33. Kh3 Rf6 34. Rh5
h6 35. Qe2 Qb6 36. Nd4 Rcf8 37. Qg4 Qxb2 38. Ne6 Rg8 39. Nxg7 Qf2 40. Re8 Qf1+
41. Kh4 Rff8 1-0

[Event "FIDE World Bl Team Pool A"]
[Site "London ENG"]
[Date "2025.06.14"]
[Round "4.4"]
[White "Maurizzi, Marc'Andria"]
[Black "Duda, Jan-Krzysztof"]
[Result "0-1"]
[WhiteTitle "GM"]
[BlackTitle "GM"]
[WhiteElo "2607"]
[BlackElo "2725"]
[WhiteTeam "Knight Dance"]
[BlackTeam "WR Chess Team"]
[WhiteFideId "36083534"]
[BlackFideId "1170546"]
[EventDate "2025.06.14"]
[EventType "team"]

1. e4 c6 2. d4 d5 3. e5 Bf5 4. Nd2 e6 5. Nb3 Nd7 6. Nf3 a6 7. Be3 Rc8 8. c3 c5
9. Be2 c4 10. Nbd2 h6 11. O-O Ne7 12. Ne1 Bh7 13. f4 b5 14. g4 Qb6 15. Ng2 b4
16. f5 exf5 17. Nf4 g5 18. Ng2 f4 19. Bf2 Bg7 20. h4 f6 21. Nf3 bxc3 22. bxc3
O-O 23. Re1 Be4 24. hxg5 hxg5 25. Nd2 Qc6 26. Bf3 Bg6 27. e6 Nb6 28. a4 a5 29.
Ra2 Rb8 30. Nf1 Na8 31. Rae2 Nc7 32. Nh2 Rb3 33. Qc1 Bh6 34. Nf1 Rfb8 35. Nd2
R3b6 36. Rd1 Qxa4 37. Rde1 Bg7 38. Nf1 Rb1 39. Qd2 Rxe1 40. Nxe1 Rb1 41. Kg2 Qb3
42. Nc2 Bd3 43. Ne1 Bxe2 44. Bxe2 Rb2 0-1

[Event "FIDE World Bl Team Pool A"]
[Site "London ENG"]
[Date "2025.06.14"]
[Round "4.5"]
[White "Hou, Yifan"]
[Black "Roebers, Eline"]
[Result "1-0"]
[WhiteTitle "GM"]
[BlackTitle "IM"]
[WhiteElo "2633"]
[BlackElo "2356"]
[WhiteTeam "WR Chess Team"]
[BlackTeam "Knight Dance"]
[WhiteFideId "8602980"]
[BlackFideId "1058401"]
[EventDate "2025.06.14"]
[EventType "team"]

1. d4 f5 2. c4 Nf6 3. Nc3 d6 4. Bg5 Nbd7 5. g3 g6 6. Bg2 Bg7 7. h4 h6 8. Bxf6
Nxf6 9. e4 c6 10. Nge2 O-O 11. Nf4 Qe8 12. h5 g5 13. Ng6 Rf7 14. e5 dxe5 15.
Nxe5 Rf8 16. Qe2 Ng4 17. Nxg4 fxg4 18. O-O-O Qf7 19. Rd2 Bf5 20. Be4 Bxe4 21.
Qxe4 Qxc4 22. Re1 Rad8 23. Qxe7 b5 24. Qe6+ Qxe6 25. Rxe6 c5 26. d5 b4 27. Ne4
c4 28. d6 c3 29. bxc3 bxc3 30. Rd3 Rf3 31. Kc2 Bf8 32. Rxf3 gxf3 33. Kxc3 Kf7
34. Rf6+ Ke8 35. Kc4 Kd7 36. Kd5 Kc8 37. Rxf3 Kb7 38. Rb3+ Ka6 39. Nc5+ Ka5 40.
Nb7+ 1-0

[Event "FIDE World Bl Team Pool A"]
[Site "London ENG"]
[Date "2025.06.14"]
[Round "4.1"]
[White "Sava, Robert-Gabriel"]
[Black "Oro, Faustino"]
[Result "0-1"]
[WhiteTitle "CM"]
[BlackTitle "IM"]
[WhiteElo "2121"]
[BlackElo "2465"]
[WhiteTeam "xChess.AI"]
[BlackTeam "Turkish Airlines Sports Club"]
[WhiteFideId "1265725"]
[BlackFideId "20000197"]
[EventDate "2025.06.14"]
[EventType "team"]

1. b4 d5 2. Bb2 Nf6 3. Nf3 Bf5 4. e3 e6 5. b5 h6 6. Be2 Nbd7 7. O-O Bd6 8. c4
O-O 9. Nc3 Bh7 10. d4 Ne4 11. c5 Be7 12. Nd2 Nxc3 13. Bxc3 Nf6 14. a4 b6 15. c6
Bd6 16. Qb3 Qe7 17. a5 Ne4 18. Nxe4 Bxe4 19. f3 Bg6 20. f4 Be4 21. axb6 axb6 22.
Rxa8 Rxa8 23. Ra1 Rf8 24. Be1 Qf6 25. Bf2 g5 26. g3 Qg6 27. Kf1 f6 28. Rd1 e5
29. dxe5 fxe5 30. Rxd5 Kh8 31. Bd3 gxf4 32. exf4 exf4 33. Bxe4 Qxe4 34. Qd3
Qxd3+ 35. Rxd3 fxg3 36. hxg3 Kg8 37. Kg2 Rf6 38. Rf3 Re6 39. Re3 Rg6 40. Re8+
Kf7 41. Rd8 Ke6 42. Re8+ Kd5 43. Re2 Kc4 44. Rb2 Rg5 45. Rc2+ Kxb5 46. Kf3 Bc5
47. Bxc5 Rxc5 48. Rb2+ Kxc6 49. Rh2 h5 50. Kf4 b5 51. Re2 Kb6 52. Re6+ c6 53.
Re8 Ka5 54. Ra8+ Kb4 55. Re8 Kb3 56. Re3+ Ka4 57. Ke4 b4 58. Kd4 Rc1 59. Re8 c5+
60. Kd3 Rc3+ 61. Kd2 Rxg3 62. Ra8+ Kb3 63. Re8 Rg2+ 64. Kd3 c4+ 65. Ke3 Rg7 66.
Kd2 c3+ 67. Kd3 Rd7+ 68. Ke2 c2 69. Rc8 Kb2 0-1

[Event "FIDE World Bl Team Pool A"]
[Site "London ENG"]
[Date "2025.06.14"]
[Round "4.2"]
[White "Ahmad, Khagan"]
[Black "Rusu, Lucas"]
[Result "1-0"]
[WhiteTitle "IM"]
[WhiteElo "2394"]
[BlackElo "2038"]
[WhiteTeam "Turkish Airlines Sports Club"]
[BlackTeam "xChess.AI"]
[WhiteFideId "13431552"]
[BlackFideId "42206472"]
[EventDate "2025.06.14"]
[EventType "team"]

1. e4 c5 2. Nf3 e6 3. d4 cxd4 4. Nxd4 Nc6 5. Nc3 Qc7 6. Be2 a6 7. Nxc6 bxc6 8.
Qd3 Nf6 9. Qg3 Qxg3 10. hxg3 d5 11. g4 Be7 12. g5 Nd7 13. Be3 Bb7 14. O-O-O Rc8
15. f4 Nc5 16. Bf3 a5 17. f5 Rd8 18. Rh3 Bc8 19. f6 gxf6 20. gxf6 Bf8 21. exd5
cxd5 22. Nb5 Rd7 23. c4 Ba6 24. Bd4 a4 25. Kb1 Kd8 26. Rhh1 dxc4 27. Bc6 Nd3 28.
Bb6+ Kc8 29. Rh4 Bxb5 30. Bxb5 Rb7 31. Rxc4+ Kb8 32. Rxd3 Rxb6 33. Rd8+ Ka7 34.
Rxa4+ Kb7 35. Rd7+ Kb8 36. Bd3 Rb4 37. Rd8+ Kc7 38. Rxf8 1-0

[Event "FIDE World Bl Team Pool A"]
[Site "London ENG"]
[Date "2025.06.14"]
[Round "4.3"]
[White "Badescu, Matei-Andrei"]
[Black "Southcott-Moyers, Indy"]
[Result "0-1"]
[BlackTitle "FM"]
[WhiteElo "1947"]
[BlackElo "2289"]
[WhiteTeam "xChess.AI"]
[BlackTeam "Turkish Airlines Sports Club"]
[WhiteFideId "42213096"]
[BlackFideId "488542"]
[EventDate "2025.06.14"]
[EventType "team"]

1. e4 e5 2. Nf3 Nc6 3. Bc4 Bc5 4. c3 Nf6 5. d3 d6 6. O-O a5 7. Bb3 O-O 8. Nbd2
Re8 9. Re1 Be6 10. Bxe6 fxe6 11. Nf1 Qd7 12. Be3 Bxe3 13. Nxe3 Rf8 14. Qc2 h6
15. d4 exd4 16. cxd4 d5 17. e5 Ne4 18. Rad1 Qf7 19. Kh1 Nb4 20. Qe2 Nxa2 21. Rc1
c6 22. Nc2 Nb4 23. Nxb4 axb4 24. Ra1 0-1

[Event "FIDE World Bl Team Pool A"]
[Site "London ENG"]
[Date "2025.06.14"]
[Round "4.4"]
[White "Lohia, Sohum"]
[Black "Sava, Christiansen-Danut-Eugen"]
[Result "1-0"]
[WhiteTitle "FM"]
[BlackTitle "FM"]
[WhiteElo "2364"]
[BlackElo "2002"]
[WhiteTeam "Turkish Airlines Sports Club"]
[BlackTeam "xChess.AI"]
[WhiteFideId "5819369"]
[BlackFideId "1210114"]
[EventDate "2025.06.14"]
[EventType "team"]

1. d4 d5 2. Nc3 Nf6 3. Nf3 c6 4. Bg5 e6 5. e4 dxe4 6. Nxe4 Nbd7 7. Bxf6 Nxf6 8.
Bd3 Be7 9. Qe2 Qa5+ 10. c3 h6 11. O-O Qc7 12. Ne5 Rb8 13. Qf3 Bd7 14. Rfe1 b6
15. Rad1 a5 16. Nxf6+ gxf6 17. Nxd7 Qxd7 18. c4 h5 19. d5 cxd5 20. cxd5 e5 21.
d6 Bxd6 22. Qxf6 Rf8 23. Rxe5+ Bxe5 24. Qxe5+ 1-0

[Event "FIDE World Bl Team Pool A"]
[Site "London ENG"]
[Date "2025.06.14"]
[Round "4.5"]
[White "Badescu, Eliza-Ioana"]
[Black "Lu, Miaoyi"]
[Result "0-1"]
[BlackTitle "IM"]
[WhiteElo "1832"]
[BlackElo "2452"]
[WhiteTeam "xChess.AI"]
[BlackTeam "Turkish Airlines Sports Club"]
[WhiteFideId "42214890"]
[BlackFideId "8618020"]
[EventDate "2025.06.14"]
[EventType "team"]

1. e4 e5 2. Nf3 Nc6 3. Bc4 Nf6 4. d3 Bc5 5. c3 d6 6. O-O a5 7. Nbd2 O-O 8. h3
Ba7 9. Re1 Be6 10. Bxe6 fxe6 11. Nf1 Nh5 12. Be3 Qe8 13. Bxa7 Rxa7 14. d4 Qg6
15. Ne3 Nf4 16. Kh2 exd4 17. Nxd4 Qxe4 18. Nxc6 Qxc6 19. Qd4 Raa8 20. g3 e5 21.
Qd2 Ne6 22. Nd5 Qc5 23. Re2 c6 24. Ne3 Ng5 25. Qd3 d5 26. Ng4 e4 27. Qd4 Nf3+
28. Kg2 Nxd4 29. cxd4 Qxd4 30. Ne3 Rf3 31. Rd1 Qb6 32. Ng4 Raf8 33. Rdd2 R3f5
34. Ne3 R5f7 35. g4 d4 36. Nf5 e3 37. fxe3 dxe3 38. Rxe3 Rxf5 39. gxf5 Qxe3 40.
Rf2 0-1

[Event "FIDE World Bl Team Pool A"]
[Site "London ENG"]
[Date "2025.06.14"]
[Round "4.6"]
[White "Yildiz, Ali Aras"]
[Black "Platschek, Luca"]
[Result "1-0"]
[WhiteElo "2089"]
[BlackElo "1626"]
[WhiteTeam "Turkish Airlines Sports Club"]
[BlackTeam "xChess.AI"]
[WhiteFideId "51619822"]
[BlackFideId "1289888"]
[EventDate "2025.06.14"]
[EventType "team"]

1. e4 a6 2. Nf3 b5 3. d4 Bb7 4. Bd3 e6 5. O-O Nf6 6. Re1 c5 7. c3 Be7 8. Bg5 h6
9. Bh4 O-O 10. dxc5 Ne8 11. Bxe7 Qxe7 12. b4 d6 13. cxd6 Nxd6 14. Nbd2 Nc6 15.
Qe2 Rac8 16. a4 bxa4 17. Bxa6 Bxa6 18. Qxa6 Nb8 19. Qd3 Qc7 20. Rxa4 Nc4 21.
Nxc4 Qxc4 22. Qxc4 Rxc4 23. Ra3 Rfc8 24. Re3 Nc6 25. Nd2 Nxb4 26. Nxc4 Nc2 27.
Ra4 Nxe3 28. Nxe3 Rxc3 29. g3 g5 30. Kg2 Kg7 31. Ra5 Kg6 32. e5 h5 33. Ra4 Rc5
34. Re4 h4 35. gxh4 gxh4 36. Rxh4 Rxe5 37. Rg4+ Kh5 38. Rg7 f5 39. Kf3 Re4 40.
Re7 Ra4 41. Rxe6 Kh4 42. Nxf5+ Kg5 43. Ne3 1-0

[Event "FIDE World Bl Team Pool A"]
[Site "London ENG"]
[Date "2025.06.14"]
[Round "4.1"]
[White "Eilenberg, Jonas"]
[Black "Hong, Andrew"]
[Result "0-1"]
[WhiteTitle "FM"]
[BlackTitle "GM"]
[WhiteElo "2316"]
[BlackElo "2589"]
[WhiteTeam "Berlin Lasker Legends"]
[BlackTeam "FIDE MB Team"]
[WhiteFideId "16204271"]
[BlackFideId "2099438"]
[EventDate "2025.06.14"]
[EventType "team"]

1. d4 Nf6 2. c4 e6 3. Nc3 d5 4. cxd5 exd5 5. Bg5 Be7 6. e3 h6 7. Bh4 O-O 8. Bd3
Re8 9. Nge2 c6 10. O-O a5 11. f3 Nbd7 12. a4 c5 13. Bf2 b6 14. Kh1 Ba6 15. Nb5
Nf8 16. Rc1 Ne6 17. Bg1 Qd7 18. b3 Rac8 19. Nd6 Bb5 20. Bc4 Bxc4 21. Nxe8 Ba6
22. Nxf6+ Bxf6 23. Re1 c4 24. bxc4 Bxc4 25. Nc3 Be7 26. e4 Bb4 27. Nxd5 Bxd5 28.
Rxc8+ Qxc8 29. exd5 Bxe1 30. dxe6 Qxe6 31. d5 Qe5 32. d6 Bh4 33. Bxb6 Qe6 34.
Bxa5 Qd7 35. Bb4 Bf2 36. a5 h5 37. Qd2 Ba7 38. Bc3 Qb5 39. Qe1 Qd3 40. h3 Qxd6
41. Qe8+ Kh7 42. Qe5 Qd1+ 43. Qe1 Qd7 44. Qe5 Qd1+ 45. Qe1 Qd6 46. Qe5 Qg6 47.
Qe4 f5 48. Qe5 Qg5 49. f4 Qg6 50. Qe2 0-1

[Event "FIDE World Bl Team Pool A"]
[Site "London ENG"]
[Date "2025.06.14"]
[Round "4.2"]
[White "Short, Nigel D"]
[Black "Yatskar, Martin"]
[Result "1-0"]
[WhiteTitle "GM"]
[BlackTitle "CM"]
[WhiteElo "2587"]
[BlackElo "2225"]
[WhiteTeam "FIDE MB Team"]
[BlackTeam "Berlin Lasker Legends"]
[WhiteFideId "400025"]
[BlackFideId "34109676"]
[EventDate "2025.06.14"]
[EventType "team"]

1. e4 e5 2. Nf3 Nc6 3. Bb5 a6 4. Ba4 Nf6 5. Qe2 d6 6. c3 Bd7 7. O-O g6 8. d4 Bg7
9. Bc2 O-O 10. Rd1 Qe8 11. a3 Nh5 12. dxe5 dxe5 13. Be3 b6 14. Nbd2 Be6 15. g3
h6 16. Nh4 Nf6 17. b4 Qe7 18. f3 Rfd8 19. Ng2 g5 20. g4 Qe8 21. Nf1 Ne7 22. Ng3
Ng6 23. Nf5 Nf4 24. Nxf4 exf4 25. Nxg7 Kxg7 26. Bd4 Qe7 27. c4 c5 28. bxc5 bxc5
29. Bc3 Kg8 30. e5 Nh7 31. Rd6 Nf8 32. Rad1 Re8 33. Be4 Rab8 34. Rxa6 Rb3 35.
Qc2 Bxc4 36. Rxh6 Ne6 37. Bd5 Bxd5 38. Qh7+ 1-0

[Event "FIDE World Bl Team Pool A"]
[Site "London ENG"]
[Date "2025.06.14"]
[Round "4.3"]
[White "Kunz, Andre"]
[Black "Bologan, Victor"]
[Result "0-1"]
[WhiteTitle "CM"]
[BlackTitle "GM"]
[WhiteElo "2128"]
[BlackElo "2601"]
[WhiteTeam "Berlin Lasker Legends"]
[BlackTeam "FIDE MB Team"]
[WhiteFideId "24623652"]
[BlackFideId "13900048"]
[EventDate "2025.06.14"]
[EventType "team"]

1. e4 g6 2. d4 Bg7 3. c3 d6 4. Nf3 Nf6 5. Bd3 Nc6 6. O-O e5 7. h3 O-O 8. Re1 Bd7
9. a4 h6 10. a5 a6 11. Nbd2 Nh5 12. dxe5 Nf4 13. Bf1 dxe5 14. Nc4 Qe7 15. Kh2
Rad8 16. Qb3 Bc8 17. Be3 Qf6 18. Rad1 Nxh3 19. gxh3 Qxf3 20. Bg2 Qf6 21. Qc2 Be6
22. Nd2 Nxa5 23. b4 Nc4 24. Nxc4 Bxc4 25. Qc1 g5 26. Qc2 b6 27. Kg1 Qe6 28. Rxd8
Rxd8 29. Rd1 Rd6 30. Rxd6 Qxd6 31. Qc1 a5 32. bxa5 bxa5 33. Qb1 a4 34. Qb8+ Bf8
35. Qa7 a3 36. h4 a2 37. hxg5 Qd1+ 38. Kh2 a1=Q 0-1

[Event "FIDE World Bl Team Pool A"]
[Site "London ENG"]
[Date "2025.06.14"]
[Round "4.4"]
[White "Al-Mudahka, Mohd"]
[Black "Stein, Theodor"]
[Result "1-0"]
[WhiteTitle "GM"]
[WhiteElo "2542"]
[BlackElo "1877"]
[WhiteTeam "FIDE MB Team"]
[BlackTeam "Berlin Lasker Legends"]
[WhiteFideId "12100030"]
[BlackFideId "34602801"]
[EventDate "2025.06.14"]
[EventType "team"]

1. e4 d6 2. d4 Nf6 3. Nc3 g6 4. Nf3 Bg7 5. Be3 a6 6. a4 O-O 7. h3 Nc6 8. Qd2 e5
9. d5 Nb4 10. Ne2 a5 11. Ng3 c6 12. c3 Na6 13. dxc6 bxc6 14. Rd1 Ne8 15. Bc4 Be6
16. Bxe6 fxe6 17. Qe2 Qe7 18. O-O d5 19. Rfe1 Nec7 20. Bg5 Bf6 21. Bxf6 Qxf6 22.
exd5 exd5 23. Qxe5 Rae8 24. Qxf6 Rxf6 25. Rxe8+ Nxe8 26. Nd4 Nc5 27. Ra1 Kf7 28.
b4 Ne4 29. Nxe4 dxe4 30. bxa5 c5 31. Nb3 c4 32. Nd2 Rc6 33. Rb1 Nd6 34. Rb6 Rc5
35. Rxd6 Rxa5 36. Nxc4 Rxa4 37. Ne3 Ra1+ 38. Kh2 Rc1 39. c4 Kg7 40. h4 Kf7 41.
Kg3 Kg7 42. Rd7+ Kf6 43. Rd1 Rc3 1-0

[Event "FIDE World Bl Team Pool A"]
[Site "London ENG"]
[Date "2025.06.14"]
[Round "4.5"]
[White "Ho, Ngoc Hai-Dang"]
[Black "Zhu, Chen"]
[Result "0-1"]
[BlackTitle "GM"]
[WhiteElo "1932"]
[BlackElo "2423"]
[WhiteTeam "Berlin Lasker Legends"]
[BlackTeam "FIDE MB Team"]
[WhiteFideId "16206509"]
[BlackFideId "8600546"]
[EventDate "2025.06.14"]
[EventType "team"]

1. e4 d6 2. d4 Nf6 3. Nc3 e5 4. Nge2 Nbd7 5. f3 c6 6. Be3 Be7 7. Qd2 h5 8. h4
Qc7 9. g3 b5 10. a3 Bb7 11. Bh3 Nb6 12. b3 a5 13. a4 b4 14. Nd1 Ba6 15. Nf2 Rd8
16. O-O O-O 17. g4 exd4 18. Bxd4 c5 19. Be3 d5 20. Qe1 Bxe2 21. Qxe2 Qg3+ 22.
Kh1 dxe4 23. Rg1 exf3 24. Rxg3 fxe2 25. g5 Nfd5 26. Bd2 Bd6 27. Rd3 Rfe8 28. Re1
Nf4 29. Rxd6 Nxh3 30. Rxd8 Nxf2+ 31. Kg2 Rxd8 32. Be3 Nd1 33. Bxc5 Nd7 34. Bg1
Re8 35. Bh2 Nc5 36. Kf3 Re3+ 37. Kg2 Re4 38. Bg3 f5 39. Kf3 Re3+ 40. Kg2 Ne4 41.
Bf4 Rc3 42. Rxe2 Rc6 43. Re1 Rxc2+ 44. Kf3 Ndc3 45. Bc7 g6 46. Bxa5 Rf2+ 47. Ke3
Nd5+ 48. Kd4 Rd2+ 49. Ke5 Kf7 50. Rc1 Ne7 51. Bxb4 Rd5+ 52. Kf4 Nd6 53. Re1 Rd4+
54. Ke5 Rxb4 55. Kxd6 Rb6+ 56. Kd7 Rb7+ 57. Kd6 Nc8+ 58. Kc6 Rxb3 59. a5 Ra3 60.
Kb5 Nd6+ 61. Kc6 Ne4 62. Kb6 Nc3 63. a6 Nd5+ 64. Kb7 Rb3+ 65. Kc6 Nb4+ 66. Kd6
Nxa6 67. Re7+ Kf8 68. Ke5 Kxe7 69. Kd4 0-1

[Event "FIDE World Bl Team Pool A"]
[Site "London ENG"]
[Date "2025.06.14"]
[Round "4.6"]
[White "Zaiarski, Stepan"]
[Black "Schuster, Rebekka"]
[Result "1-0"]
[WhiteElo "1932"]
[BlackElo "1806"]
[WhiteTeam "FIDE MB Team"]
[BlackTeam "Berlin Lasker Legends"]
[WhiteFideId "13907000"]
[BlackFideId "24674095"]
[EventDate "2025.06.14"]
[EventType "team"]

1. d4 e6 2. c4 f5 3. g3 Nf6 4. Bg2 Be7 5. Nc3 O-O 6. Nf3 d6 7. O-O Ne4 8. Nxe4
fxe4 9. Ne1 d5 10. Be3 Bg5 11. Nc2 Nc6 12. Bxg5 Qxg5 13. Ne3 b6 14. Rc1 Bb7 15.
cxd5 exd5 16. Qa4 Rf6 17. Nd1 Qxc1 18. Ne3 Qxb2 19. Nxd5 Qxd4 20. Nxf6+ gxf6 21.
Qb3+ Kg7 22. Rd1 Qe5 23. Rd7+ Kg6 24. Qf7+ Kg5 25. Qg7+ Kf5 26. Bh3# 1-0